|
|
|
|
| LEADER |
02869nam a2200721 a 4500 |
| 001 |
nkc20142590548 |
| 003 |
CZ PrNK |
| 005 |
20150209123508.0 |
| 007 |
ta |
| 008 |
140523s2013 xr ac e 001 0 cze |
| 015 |
|
|
|a cnb002590548
|
| 020 |
|
|
|a 978-80-210-6613-7
|q (brož.)
|
| 035 |
|
|
|a (OCoLC)883372910
|
| 040 |
|
|
|a ABA001
|b cze
|
| 041 |
0 |
|
|a cze
|b cze
|b eng
|
| 043 |
|
|
|a e-xr---
|b e-xr-jm
|2 czenas
|
| 045 |
|
|
|a y1y1
|
| 072 |
|
7 |
|a 364-1/-7
|x Druhy sociální pomoci a služeb
|2 Konspekt
|9 18
|
| 080 |
|
|
|a 316.346.32-053.6-056.49
|2 MRF
|
| 080 |
|
|
|a 364-783.2-053.2
|2 MRF
|
| 080 |
|
|
|a 376.1-056.49
|2 MRF
|
| 080 |
|
|
|a 72/76.022.82
|2 MRF
|
| 080 |
|
|
|a 378.011.3-052
|2 MRF
|
| 080 |
|
|
|a 37.091.12-027.22
|2 MRF
|
| 080 |
|
|
|a (437.322)
|2 MRF
|
| 080 |
|
|
|a (062.552)
|2 MRF
|
| 100 |
1 |
|
|a Nováková, Martina,
|d 1984-
|7 jo2009207113
|4 aut
|
| 245 |
1 |
0 |
|a Diagnostický ústav :
|b [Creative help - tvůrčí dílny s dětmi z diagnostického ústavu] /
|c Martina Nováková, Marcela Landová a kol.
|
| 246 |
3 |
0 |
|a Creative help - tvůrčí dílny s dětmi z diagnostického ústavu
|
| 250 |
|
|
|a Vyd. 1.
|
| 260 |
|
|
|a Brno :
|b Masarykova univerzita,
|c 2013
|
| 300 |
|
|
|a 105 s. :
|b il. (převážně barev.), portréty ;
|c 26 cm
|
| 500 |
|
|
|a Nad názvem: Creative help, speciální výtvarná výchova KVV PdF MU
|
| 500 |
|
|
|a 300 výt.
|
| 504 |
|
|
|a Obsahuje bibliografie a rejstříky
|
| 546 |
|
|
|a České a anglické resumé
|
| 610 |
2 |
7 |
|a Masarykova univerzita.
|b Katedra výtvarné výchovy
|7 mzk2007412327
|2 czenas
|
| 648 |
|
7 |
|a 2001-2020
|7 ch460601
|2 czenas
|
| 648 |
|
4 |
|a 2010-2013
|
| 650 |
0 |
7 |
|a problémová mládež
|7 ph115420
|2 czenas
|
| 650 |
0 |
7 |
|a ústavní výchova
|7 ph487770
|z Česko
|2 czenas
|
| 650 |
0 |
7 |
|a etopedie
|7 ph120024
|2 czenas
|
| 650 |
0 |
7 |
|a výtvarné dílny
|7 ph380407
|2 czenas
|
| 650 |
0 |
7 |
|a vysokoškolští studenti
|7 ph127281
|z Česko
|2 czenas
|
| 650 |
0 |
7 |
|a pedagogická praxe
|7 ph124011
|z Česko
|y 2001-2020
|2 czenas
|
| 650 |
0 |
9 |
|a problem youth
|2 eczenas
|
| 650 |
0 |
9 |
|a institutional child care
|z Czechia
|2 eczenas
|
| 650 |
0 |
9 |
|a education of problem children
|2 eczenas
|
| 650 |
0 |
9 |
|a art workshops
|2 eczenas
|
| 650 |
0 |
9 |
|a college students
|z Czechia
|2 eczenas
|
| 650 |
0 |
9 |
|a practice teaching
|z Czechia
|y 2001-2020
|2 eczenas
|
| 651 |
|
7 |
|a Brno (Česko)
|7 ge134084
|2 czenas
|
| 651 |
|
9 |
|a Brno (Czechia)
|2 eczenas
|
| 655 |
|
7 |
|a sborníky
|7 fd724344
|2 czenas
|
| 655 |
|
9 |
|a papers
|2 eczenas
|
| 700 |
1 |
|
|a Landová, Marcela
|7 jo2014822114
|4 aut
|
| 710 |
2 |
|
|a Masarykova univerzita.
|b Katedra výtvarné výchovy
|7 mzk2007412327
|
| 910 |
2 |
|
|a BOA001
|b 3-1336.606
|
| 990 |
|
|
|a BK
|
| 995 |
|
|
|a 01
|
| 991 |
|
|
|b 201502
|c NOV
|e n
|
| 996 |
6 |
|
|b 2610618447
|c 3-1336.606
|l MZK
|r Sklad / do 1 hodiny
|n 4
|p p.v.
|w 001482757
|u 000010
|a 1
|e BOA001
|j MZK50
|s P
|
| 996 |
7 |
|
|b 2610618448
|c 3-1336.606
|l MZK
|r Sklad / do 1 hodiny
|n 10
|p p.v.
|w 001482757
|u 000020
|a 1
|e BOA001
|j MZK50
|s A
|